000 00578nam a2200217Ia 4500
003 OSt
005 20220926004522.0
006 a|||||r|||| 00| 0
007 ta
008 220923b |||||||| |||| 00| 0 eng d
037 _cGeneral Book
040 _aRTL
_cRTL
_beng
041 _2eng
_aeng
082 _aU672(J), N6
100 _aHusain Majid
245 0 _aSystematic Agricultural Geography
260 _a New Delhi
_bRawat Publication
_c1996
300 _a430p
_ccm.
942 _hU672(J), N6
_cGB
_2CC
999 _c611434
_d611434